=LDR 00000nam 2200000 4500 =001 001048 =005 20250712034757 =035 ##$$a 0010-0725000929 =007 ta =008 250712################a##########0#ind## =020 ##$$a 978-623-118-802-1 =082 ##$$a 398.209 598 =084 ##$$a 398.209 598 SIN j =245 ##$$a Jemuran Kecil /$c Ramajani Sinaga =250 ##$$a cetakan pertama =260 ##$$a Jakarta :$b Kementrian Pendidikan, kebudayaan, riset dan teknologi,$c 2023 =300 ##$$a 24 hlm. : $b ilus. ; $c 29,7 cm$e 398.209 598 =650 #4$$a cerita anak indonesia =700 #$$a Sinaga, Ramajani =856 ##$$a TBM AS SUHADA =990 ##$$a TBM202400771